Ángeles Cuarteados : (Registro nro. 44829)
[ vista simple ]
| 000 -CABECERA | |
|---|---|
| campo de control de longitud fija | 00664nam a2200181 a 4500 |
| 001 - NÚMERO DE CONTROL | |
| campo de control | 000045340 |
| 005 - FECHA Y HORA DE LA ÚLTIMA TRANSACCIÓN | |
| campo de control | 20201002050058.0 |
| 008 - DATOS DE LONGITUD FIJA--INFORMACIÓN GENERAL | |
| campo de control de longitud fija | 150304s2014 pr 000 0 spa d |
| 020 ## - NÚMERO INTERNACIONAL ESTÁNDAR DEL LIBRO | |
| Número Internacional Estándar del Libro | 9789945581263 |
| 040 ## - FUENTE DE LA CATALOGACIÓN | |
| Centro catalogador/agencia de origen | DO-SdBNP |
| Lengua de catalogación | spa |
| Centro/agencia transcriptor | BNPHU |
| 100 1# - ENTRADA PRINCIPAL--NOMBRE DE PERSONA | |
| Nombre de persona | Arroyo de Jesús, Frances |
| 9 (RLIN) | 73368 |
| 245 10 - MENCIÓN DE TÍTULO | |
| Título | Ángeles Cuarteados : |
| Resto del título | alegoría del prostíbulo en el teatro Puertorriqueño / |
| Mención de responsabilidad, etc. | Frances Arroyo de Jesús. |
| 260 ## - PUBLICACIÓN, DISTRIBUCIÓN, ETC. | |
| Lugar de publicación, distribución, etc. | San Juan, Puerto Rico |
| -- | Santo Domingo : |
| Nombre del editor, distribuidor, etc. | Isla negra, |
| Fecha de publicación, distribución, etc. | 2014. |
| 300 ## - DESCRIPCIÓN FÍSICA | |
| Extensión | 241 p. ; |
| Dimensiones | 22 cm. |
| 500 ## - NOTA GENERAL | |
| Nota general | Incluye datos biografícos de la autora en la solapa |
| 500 ## - NOTA GENERAL | |
| Nota general | Incluye notas a pie de páginas |
| 504 ## - NOTA DE BIBLIOGRAFÍA, ETC. | |
| Nota de bibliografía, etc. | Bibliografía p: 231-241 |
| Estado de retiro | Estado de pérdida | Restricciones de uso | No para préstamo | Código de colección | Localización permanente | Ubicación/localización actual | Ubicación en estantería | Fecha de adquisición | Número de inventario | Total de préstamos | Signatura topográfica completa | Código de barras | Fecha visto por última vez | Número de copia | Precio válido a partir de | Tipo de ítem Koha |
|---|---|---|---|---|---|---|---|---|---|---|---|---|---|---|---|---|
| Monografías: Libros y Folletos | General | General | Depósito | 04.03.2015 | LF1 | 45340-30 | 25.06.2020 | e. 3 | 25.06.2020 | Préstamo en sala | ||||||
| Excluido de préstamo | Monografías: Libros y Folletos | Patrimonio Dominicano | Patrimonio Dominicano | Depósito | 04.03.2015 | LF1 | 45340-10 | 25.06.2020 | 25.06.2020 | No se presta | ||||||
| Excluido de préstamo | Monografías: Libros y Folletos | Patrimonio Dominicano | Patrimonio Dominicano | Depósito | 04.03.2015 | LF1 | 45340-20 | 25.06.2020 | e. 2 | 25.06.2020 | No se presta |
